<?xml version="1.0" encoding="UTF-8"?><?xml-stylesheet type="text/xsl" href="static/style.xsl"?><OAI-PMH xmlns="http://www.openarchives.org/OAI/2.0/" xmlns:xsi="http://www.w3.org/2001/XMLSchema-instance" xsi:schemaLocation="http://www.openarchives.org/OAI/2.0/ http://www.openarchives.org/OAI/2.0/OAI-PMH.xsd"><responseDate>2026-04-27T22:05:14Z</responseDate><request verb="GetRecord" identifier="oai:uvadoc.uva.es:10324/40512" metadataPrefix="marc">https://uvadoc.uva.es/oai/request</request><GetRecord><record><header><identifier>oai:uvadoc.uva.es:10324/40512</identifier><datestamp>2021-06-30T02:54:15Z</datestamp><setSpec>com_10324_38</setSpec><setSpec>col_10324_852</setSpec></header><metadata><record xmlns="http://www.loc.gov/MARC21/slim" xmlns:doc="http://www.lyncode.com/xoai" xmlns:xsi="http://www.w3.org/2001/XMLSchema-instance" xmlns:dcterms="http://purl.org/dc/terms/" xsi:schemaLocation="http://www.loc.gov/MARC21/slim http://www.loc.gov/standards/marcxml/schema/MARC21slim.xsd">
<leader>00925njm 22002777a 4500</leader>
<datafield tag="042" ind1=" " ind2=" ">
<subfield code="a">dc</subfield>
</datafield>
<datafield tag="720" ind1=" " ind2=" ">
<subfield code="a">Coco Alberto, Isabel María</subfield>
<subfield code="e">author</subfield>
</datafield>
<datafield tag="260" ind1=" " ind2=" ">
<subfield code="c">2020</subfield>
</datafield>
<datafield tag="520" ind1=" " ind2=" ">
<subfield code="a">En este TFG se implementará la coordinación de franjas horarias entre varios&#xd;
aeropuertos, mediante subastas combinatorias, con el fin de optimizar los&#xd;
recursos existentes y dar la máxima utilidad a las infraestructuras&#xd;
aeroportuarias.&#xd;
Además, gracias a este tipo de subastas se podrá apreciar la fluctuación de los&#xd;
precios de cada franja horaria en cada aeropuerto, dependiendo de la capacidad&#xd;
del aeropuerto y de la demanda que exista de dicha franja horar</subfield>
</datafield>
<datafield tag="024" ind2=" " ind1="8">
<subfield code="a">http://uvadoc.uva.es/handle/10324/40512</subfield>
</datafield>
<datafield tag="245" ind1="0" ind2="0">
<subfield code="a">Coordinación de franjas horarias en varios aeropuertos</subfield>
</datafield>
</record></metadata></record></GetRecord></OAI-PMH>